01245cam a2200325 i 450000100090000000300090000900500170001800800410003502000320007602000350010804000430014308200190018610000610020524500730026626400320033926400100037130000580038133600260043933700280046533800270049350400510052065000450057165000400061665300170065665500170067370000400069094200120073099900170074295201600075914383505EG-ScBUE20241215120632.0060519t2006 gw a f b 001 0 eng d a3540345590 (acidfree paper) a9783540345596 (acidfree paper) aEG-ScBUEbengerdacEG-ScBUEdEG-ScBUE04a519.6222bSCH1 aSchneider, Johannes J.q(Johannes Josef)eauthor.93166410aStochastic optimization /cJohannes J. Schneider, Scott Kirkpatrick. 1aBerlin :bSpringer,c[2006] 4cc2006 axvi, 565 pages :billustrations (some color) ;c25 cm 2rdacontentatextbtxt aunmediated2rdamediabn avolumebnc2rdacarrier aIncludes bibliographical references and index. 7aMathematical optimization.2BUEsh931666 7aStochastic processes.2BUEsh931667 cDecember2012 vReading book1 aKirkpatrick, Scott,eauthor.931668 2ddccBB c17129d17101 00102ddc40708BaccahaMAINbMAINc1STd2012-12-12ePurchaseg774.00h16596l1m12o519.6 SCHp000027870r2025-07-15 00:00:00s2012-12-12w2012-12-12yBB